Регионална библиотека "Любен Каравелов" - Русе

Шестият етаж на пететажната сграда (Запис номер 118639)

MARC детайли
000 -Лидер
Контролно поле с фиксирана дължина 01268nam a2200289 c 4500
003 - Код на организацията, давaща контролен номер
Контролно поле BLK
005 - Дата и час на последна редакция
Контролно поле 20180420231327.0
008 - Елементи от данни с фиксирана дължина
fixed length control field 180409b bul|||||r ||||||| ||bul||
010 ## - Наследен системен номер
LC control number KNG00124243000
040 ## - Източник на каталожния запис
Идентификатор на билиотеката - собственик на записа BLK
041 ## - Код за език
Код за езика на текст/звукозапис или на отделно заглавие Български
Код за езика КДБФ Български
080 ## - УДК
Текстов определител УДК Азербайджанска литература
УДК код - определител по УДК 821.512.162
УДК определител -31
УДК - код + определител 821.512.162-31
100 1# - Редна дума - Автор
Автор Анар
Авторска отговорност първи автор
R(LIN) 31165
139 ## - Редно поле
Редна дума Анар
Авторски знак Ан - А 64
245 10 - Сведения за заглавието
Заглавие Шестият етаж на пететажната сграда
Подзаглавни данни Роман
Редно поле (дума) Анар; прев. от рус. Бистра Веселинова Цолова.
257 ## - Страна на издаване
Страна на създаване/издаване Азербайджан
260 ## - Област на издателските данни
-- София
Име на издателя, разпространителя и проч. Нар. култура
Година на издаване 1981
Печатница Враца : В. Александров
300 ## - Физическа характеристика
Страници 236 с.
Размери/Мащаб 17 см
380 ## - Жанр
Жанр Худож. лит.
500 ## - Общи забележки
Забележка Ориг. загл. Шестой этаж пятиэтажного дома. - Пълното ими на авт. е Анар Расул - оглы Рзаев.
700 1# - Други автори (авторска отговорност)
Лично име Цолова, Бистра Веселинова
Автороска отговорност (Описва отношението между автора и произведението) прев. от рус.
9 (RLIN) 315806
852 ## - Местоположение
Форматна сигнатура Цб І 19188
856 4# - Електронен адрес и достъп
Електронен формат pdf - файл
Път до файла /url/
856 4# - Електронен адрес и достъп
Електронен формат pdf - файл
Път до файла /url/
942 ## - АРТИКУЛИ
Вид на библиотечния материал Книги
Скрит в OPAC Не
944 ## - СЪЗДАВАНЕ И РЕДАКЦИЯ на ЗАПИСА
Създаване/Редакция Създаване
Дата на регистрацията/редакция 08.07.2011
Статус, дата на статуса 08.07.2011 - от С1,Р / 08.07.2011
Служител, извършил регистрацията/редакцията Виолета_Тройчева
944 ## - СЪЗДАВАНЕ И РЕДАКЦИЯ на ЗАПИСА
Създаване/Редакция Редакция
Дата на регистрацията/редакция 08.07.2011
Статус, дата на статуса 08.07.2011 - от С1,Р / 08.07.2011
Служител, извършил регистрацията/редакцията
999 ## - СИСТЕМНИ КОНТРОЛНИ НОМЕРА
Koha biblionumber 118639
Koha biblioitemnumber 118639
Наличности
Код за отписване Код за изгубен артикул Източник на класификационната схема Код за повреда Коз за рестрикции Код за отдаване Артикулен № Име на библиотеката - собственик Име на библиотеката, в която се намира в момента Статус (Текущо местоположение) Дата на вписване в системата Местоположение - отдел Цена в лева Инвентарен номер Систематично азбучна сигнатура Баркод Номер на екземпляра Цена в евро Служебна бележка Служебен тип на артикула
  Не е изгубен Universal Decimal Classification Не е повреден само за читалня ползва се в читалня 191234 Регионална библиотека "Любен Каравелов" Русе Регионална библиотека "Любен Каравелов" Русе Хранилище 1981-01-01 Хранилище 0.99 338017 Цб І 19188 120000338017 1 0.51 Дост: Dp Вид: Д N: стар фонд Дата: 01.01.1981 Книги
Изтеглен Не е изгубен Universal Decimal Classification Не е повреден без рестрикции заемане за дома 191235 Регионална библиотека "Любен Каравелов" Русе Регионална библиотека "Любен Каравелов" Русе Заемна - подръчен фонд 1981-01-01 Заемна - подръчен фонд 0.99 337361 П 882-31/А 64 337361 2 0.51 Дост: Pk Вид: Ф N: стар фонд Дата: 01.01.1981 Книги
Изтеглен Не е изгубен Universal Decimal Classification Не е повреден без рестрикции заемане за дома 191236 Регионална библиотека "Любен Каравелов" Русе Регионална библиотека "Любен Каравелов" Русе Заемна - подръчен фонд 1981-01-01 Заемна - подръчен фонд 0.99 337362 П 882-31/А 64 337362 3 0.51 Дост: Pk Вид: Ф N: стар фонд Дата: 01.01.1981 Дата инв: 09.02.2018 Бележки инв: П2018 Книги
Изтеглен Не е изгубен Universal Decimal Classification Не е повреден без рестрикции заемане за дома 191237 Регионална библиотека "Любен Каравелов" Русе Регионална библиотека "Любен Каравелов" Русе Заемна - подръчен фонд 1981-01-01 Заемна - подръчен фонд 0.99 337366 П 882-31/А 64 337366 4 0.51 Дост: Pk Вид: Ф N: стар фонд Дата: 01.01.1981 Книги
Изтеглен Не е изгубен Universal Decimal Classification Не е повреден без рестрикции заемане за дома 191238 Регионална библиотека "Любен Каравелов" Русе Регионална библиотека "Любен Каравелов" Русе Заемна - подръчен фонд 1981-01-01 Заемна - подръчен фонд 0.99 337370 П 882-31/А 64 337370 5 0.51 Дост: Pk Вид: Ф N: стар фонд Дата: 01.01.1981 Книги
Vip Innovations Ltd, Rousse, Bulgaria 2025